000 00440nam a22001697a 4500
003 MACL
005 20160119153402.0
008 160119b xxu||||| |||| 00| 0 eng d
040 _cMACL
041 _aEnglish
082 _a004/HEA
100 _aHeathcote,P.M.
_933277
245 _aInformations Technology For Everybody Vol2
260 _aNew Delhi
_bBPB Publications
_c2001
650 _aInformation Technology
_933278
942 _2ddc
_cBK
999 _c52796
_d52796